000 00555cam a22002051 4500
001 af 47004660
003 DLC
005 20260227110827.0
008 890330s1945 fr 000 0 fre
010 _aaf 47004660
035 _a(OCoLC)23412547
040 _aDLC
_cMiU
_dDLC
042 _apremarc
050 0 0 _aPG3328
_b.D65
100 1 _aDournes, Pierre.
245 1 0 _aComment lire Dostoïevski.
260 _aParis,
_bÉditions "Aux étudiants de France"
_c[1945]
300 _a2 p.l., [7]-88 p.
_c18 cm.
600 1 0 _aDostoyevsky, Fyodor,
_d1821-1881
999 _c2735
_d2735